Southville International School and Colleges
Your cart is empty.
  • Cart
  • Lists
    Public lists list_1 View all
    Your lists Log in to create your own lists
  • Log in to your account
  • Your cookies
  • Search history
Southville International School and Colleges
  • Advanced search
  • Recent comments
  • Most popular
  • Libraries

Log in to your account

Log in with GOOGLE


If you do not have an external account, but do have a local account, you can still log in:

  1. Home
  2. MARC view: Tourism 1 (student's book) :
Normal view MARC view ISBD view

Tourism 1 (student's book) : (Record no. 39558)

[ view plain ]
MARC details
000 -LEADER
fixed length control field 00599nam a2200205 a 4500
003 - CONTROL NUMBER IDENTIFIER
control field PILC
005 - DATE AND TIME OF LATEST TRANSACTION
control field 20160315153919.0
008 - FIXED-LENGTH DATA ELEMENTS--GENERAL INFORMATION
fixed length control field 080905s19uu xx 00 eng d
020 ## - INTERNATIONAL STANDARD BOOK NUMBER
International Standard Book Number 0194551008
050 ## - LIBRARY OF CONGRESS CALL NUMBER
Classification number G 155.A1
Item number .W177 2006
100 ## - MAIN ENTRY--PERSONAL NAME
Personal name Walker, Robin.
245 ## - TITLE STATEMENT
Title Tourism 1 (student's book) :
Remainder of title oxford english for careers /
Statement of responsibility, etc Robin Walker.
260 ## - PUBLICATION, DISTRIBUTION, ETC. (IMPRINT)
Place of publication, distribution, etc Oxford :
Name of publisher, distributor, etc Oxford University Press,
Date of publication, distribution, etc 2006.
300 ## - PHYSICAL DESCRIPTION
Extent 143 pages :
Other physical details color illustrations ;
Dimensions 25 cm.
500 ## - GENERAL NOTE
General note Includes glossary.
650 ## - SUBJECT ADDED ENTRY--TOPICAL TERM
Topical term or geographic name as entry element Tourism.
700 ## - ADDED ENTRY--PERSONAL NAME
Personal name Harding, Keith.
942 ## - ADDED ENTRY ELEMENTS (KOHA)
Koha item type Books
Source of classification or shelving scheme Library of Congress Classification
Call number prefix Foreign
Holdings
Withdrawn status Lost status Source of classification or shelving scheme Damaged status Home library Current library Shelving location Date acquired Source of acquisition Total Checkouts Full call number Barcode Date last seen Date checked out Copy number Price effective from Koha item type
    Library of Congress Classification   College Library College Library General Circulation Section 07/21/2010 Library Fund 2 G 155.A1 .W177 2010 C9728 05/15/2018 05/29/2015 1 10/18/2013 Books

Tourism 1 (student's book) :

APA

Walker R., Harding K., . (2006). Tourism 1 (student's book). Oxford: Oxford University Press.

Chicago

Walker Robin, Harding Keith, . 2006. Tourism 1 (student's book). Oxford: Oxford University Press.

Harvard

Walker R., Harding K., . (2006). Tourism 1 (student's book). Oxford: Oxford University Press.

MLA

Walker Robin, Harding Keith, . Tourism 1 (student's book). Oxford: Oxford University Press. 2006.

  • Place hold
  • Print
  • Cite
  • Add to your cart (remove)
  • Save record
    BIBTEX Dublin Core MARCXML MARC (non-Unicode/MARC-8) MARC (Unicode/UTF-8) MARC (Unicode/UTF-8, Standard) MODS (XML) RIS
  • More searches
    Search for this title in:
    Other Libraries (WorldCat) Other Databases (Google Scholar) Online Stores (Bookfinder.com) Open Library (openlibrary.org)

Exporting to Dublin Core...

SOUTHVILLE LIBRARY

Southville International School and Colleges Library

1281 Tropical Ave. Cor. Luxembourg St., BF Homes International, Las Pinas City

Tel. No. 8256374 / 252358 Loc. 117/146

Powered by Koha